| 000 | 01375nam a2200349 i 4500 | ||
|---|---|---|---|
| 001 | 197736 | ||
| 003 | ES-MaACL | ||
| 005 | 20250901063143.0 | ||
| 008 | 250620s1998 sp a ||| 0|0 | spa c | ||
| 017 |
_aM 31580-1998 _bOficina Depósito Legal Madrid |
||
| 020 | _a847295126X | ||
| 040 |
_aBPSEG, _bspa _cES-MaACL |
||
| 080 | _a398.2(6)(082.2) | ||
| 080 | _a82-34(6)(082.2) | ||
| 100 | 1 |
_aMarco, Rafael _9241294 _eaut |
|
| 245 | 1 | 3 |
_aEl árbol y la liana : _bcuentos del África Occidental : "Mawu dó atín kan kpo" = "Dios hizo el árbol y la liana" / _cRafael Marco. |
| 250 | _aQuinta edición | ||
| 260 |
_aMadrid : _bMundo Negro : _bSelva y Sabana, _cD.L. 1998. |
||
| 300 |
_a214 páginas : _bilustrado blanco y negro ; _c20 cm. |
||
| 336 |
_2rdacontent _atexto |
||
| 337 |
_2rdamedia _asin mediación |
||
| 338 |
_2rdacarrier _avolumen |
||
| 650 | 7 |
_aCuentos populares- _zÁfrica _9160526 |
|
| 655 | 0 |
_9176540 _aAntologías |
|
| 655 | 7 |
_2tgfbne _9193653 _aLibros ilustrados |
|
| 852 |
_aES-MaACL _cDEPOJ _jN-10600 _hDonación: José Lázaro García _xEncuadernación rústica _9206723 |
||
| 903 |
_9234219 _aLázaro García, José _ednr |
||
| 942 |
_cMONOGRAFIA _n0 |
||
| 999 |
_c197736 _d197736 |
||